000 00839cam a2200241 a 4500
005 20240902063639.0
008 010903s2000 mx a r 000 0 spa d
020 _a8472782107
035 _aUPN01000110893
040 _aMX-MxUPN
_bspa
_cMX-MxUPN
049 _aLT
050 1 4 _aLB1555 E5.5
_bA6.7
245 0 0 _aAprendo a pensar desarrollando mi inteligencia :
_b5 /
_cDepartamento de Investigación del ICCE ; il. Javier Aznar Serrano.
260 _aMadrid :
_bICCE,
_a1999.
300 _a139 p., 2 h. :
_bil. col.
440 0 _aAPDI
650 2 _aDesarrollo intelectual
_99159
650 2 _aDesarrollo cognoscitivo
_95390
650 4 _aINTELIGENCIA -
_vPROBLEMAS, EJERCICIOS, ETC.
_98358
710 2 _944289
_aInstituto Calazans de Ciencias de la Educación.
_bDepartamento de Investigación
905 _aLibro
942 _2lcc
_cLIBRO
999 _c84802
_d84802